Statistics for Californian Valleys

Click here to take the quiz!

General Stats

  • This quiz has been taken 28 times
    (12 since last reset)
  • The average score is 10 of 16

Answer Stats

HintValley% Correct
Famous for WineNapa Valley
100%
Birthplace of Apple, Google, Facebook, etc,Silicon Valley
91%
Important Agricultural AreaCentral Valley
82%
Northern Portion of AboveSacramento Valley
82%
Southern Portion of AboveSan Joaquin Valley
82%
Known for a Music Festival and Palm TreesCoachella Valley
73%
Lowest Place in North AmericaDeath Valley
73%
The valley in the phrase, 'Valley Girl'San Fernando Valley
73%
Preserved by John MuirYosemite Valley
73%
Popularized by John SteinbeckSalinas Valley
64%
Parallels the Sierra Nevada to the EastOwens Valley
45%
Agricultural region fed by diverted Colorado RiverImperial Valley
36%
California Poppies attract many tourists hereAntelope Valley
27%
Failed to be preserved by John MuirHetch Hetchy Valley
27%
Caldera east of Mammoth MountainLong Valley
18%
Where Michael Jackson's Neverland Ranch isSanta Ynez Valley
18%

Score Distribution

Percentile by Number Answered

Percent of People with Each Score

Your Score History

You have not taken this quiz since the last reset